Planning to drive communities future (Record no. 70774)
[ view plain ]
| 000 -LEADER | |
|---|---|
| fixed length control field | 01421cam a2200205 4500 |
| 001 - CONTROL NUMBER | |
| control field | WB3826-18 |
| 008 - FIXED-LENGTH DATA ELEMENTS--GENERAL INFORMATION | |
| fixed length control field | 020718n2002 000 0 eng u |
| 035 ## - SYSTEM CONTROL NUMBER | |
| System control number | (Sirsi) u118902 |
| 245 ## - TITLE STATEMENT | |
| Title | Planning to drive communities future |
| 260 ## - PUBLICATION, DISTRIBUTION, ETC. | |
| Date of publication, distribution, etc. | 2002 |
| 490 ## - SERIES STATEMENT | |
| Series statement | ODPM News Release |
| Volume/sequential designation | (039) 18 July 2002, (4) |
| 520 ## - SUMMARY, ETC. | |
| Summary, etc. | The Deputy Prime Minister has outlined a new streamlined, community-centred planning process. The changes which follow a six month public consultation will be funded by £350 m announced in the Comprehensive Spending Review. Key introductions include : Local Development Frameworks; a Regional Spatial Strategy; new guidance on planning obligations; improved acquisition of land procedures for regeneration and large-scale projects; Business Planning Zones. The Deputy Prime Minister's full statement is at http://www.odpm.gov.uk/about/ministers/speeches/prescott/180702.htm RICS responses at:http://www.rics.org/ricscms/bin/show?class=PressRelease&template=/includes/showpr.html&id=780h and http://www.rics.org/ricscms/bin/show?class=PressRelease&template=/includes/showpr.html&id=779 http://www.odpm.gov.uk/news/0207/0039.htm |
| 590 ## - LOCAL NOTE (RLIN) | |
| Local note | WB |
| 650 ## - SUBJECT ADDED ENTRY--TOPICAL TERM | |
| Topical term or geographic name entry element | BUSINESS PLANNING ZONES |
| 650 ## - SUBJECT ADDED ENTRY--TOPICAL TERM | |
| Topical term or geographic name entry element | LOCAL DEVELOPMENT FRAMEWORKS |
| 650 ## - SUBJECT ADDED ENTRY--TOPICAL TERM | |
| Topical term or geographic name entry element | REGIONAL SPATIAL STRATEGY |
| 650 ## - SUBJECT ADDED ENTRY--TOPICAL TERM | |
| Topical term or geographic name entry element | PLANNING OBLIGATIONS |
| 690 ## - LOCAL SUBJECT ADDED ENTRY--TOPICAL TERM (OCLC, RLIN) | |
| Topical term or geographic name as entry element | ENVIRONMENTAL AND LAND CONSULTANCY-PLANNING AND DEVELOPMENT |
| 942 ## - ADDED ENTRY ELEMENTS (KOHA) | |
| Suppress in OPAC | 0 |
| Withdrawn status | Lost status | Source of classification or shelving scheme | Damaged status | Not for loan | Home library | Current library | Shelving location | Date acquired | Total Checkouts | Full call number | Barcode | Date last seen | Copy number | Price effective from | Koha item type |
|---|---|---|---|---|---|---|---|---|---|---|---|---|---|---|---|
| Dewey Decimal Classification | London | London | News article | 18/07/2002 | WB3826-18 | 118902-1001 | 06/08/2019 | 1 | 06/08/2019 | News article |